00873nam a22002297a 450000500170000001000130001702000230003003500130005303700160006604000120008208200220009410000400011624500920015624600460024826000700029427000850036430000520044965000460050165000490054765000210059665000260061720170124103058.0 aB-072938 c395.00a8176750670 aB-072938 bCen Lib/Ret aDPLbHN a921bगुरद aगुरदयाल सिंह  aक्या जानूं मैं कौन /cगुरदयाल सिंह  aKya jaanu main kaun /bby Gurdayal Singh  aपंचकूला bआधार प्रकाशन c2002 aएस.सी.एफ.267, सेक्टर-16bहरियाणा e134 113 a431पृ. c21सेमी(सजिल्द) aहिन्दी साहित्य  aहिन्दी -- आत्मकथा  aHindi literature aHindi - Autobiography